000 00680nam a22002537a 4500
003 UA-OsUOA
001 127025
007 ta
008 20171115b un ||||| |||| 00| 0 ukr d
100 _aЧайковський А. Я.
090 _a821.161.2
_bЧ-15
942 _cBK
040 _aUA-OsUOA
_bukr
_cUA-OsUOA
_dUA-OsUOA
245 _aСагайдачний
_bісторичний роман у 3 кн.
300 _a585 с.
955 _a3
041 _aukr
080 _a821.161.2
020 _a5-308-00313-0
260 _aК.
_bДніпро
_c1989
044 _aUA
650 7 _a82 Література. Літературознавство
_2UDC
999 _c414179
_d414179